000 00341nam a22001457a 4500
008 230927b |||||||| |||| 00| 0 eng d
082 _a105.32
100 _aR.K. Txali
245 _aDoeacc"O" Levele Module
_cR.K. Txali
260 _aNew Delhi
_bTMH
_c1999
300 _a707
650 _aBB CSE
796 _aR.K. Txali
942 _2ddc
_cBK
999 _c20247
_d20247